000 00288nam a22001217a 4500
008 180606b xxu||||| |||| 00| 0 eng d
041 _aeng
080 _a043.3
100 _a0
101 _aSHKI-BTH
245 _aCloud Computing dhe Teknologjia e gjelbër
_cKonjufca,Y
942 _2udc
_cBK
999 _c46383
_d46383